Envejecimiento, solidaridad y protección social en América Latina y el Caribe : (Record no. 169135)
[ view plain ]
| 000 -CABECERA | |
|---|---|
| campo de control de longitud fija | 00936nam a2200241 u 4500 |
| 005 - FECHA Y HORA DE LA ÚLTIMA TRANSACCIÓN | |
| campo de control | 20220815094105.0 |
| 008 - ELEMENTOS DE LONGITUD FIJA--INFORMACIÓN GENERAL | |
| campo de control de longitud fija | 140506s2013 ch r 000 0 spa d |
| 020 ## - NÚMERO INTERNACIONAL NORMALIZADO PARA LIBROS | |
| Número Internacional Estándar del Libro | 9789212211046 |
| 035 ## - NÚMERO DE CONTROL DEL SISTEMA | |
| Número de control de sistema | UPN01000197034 |
| 049 ## - COLECCIÓN | |
| Colección | CG |
| 050 #4 - SIGNATURA TOPOGRÁFICA DE LA BIBLIOTECA DEL CONGRESO | |
| Número de clasificación | HQ1064 A4.4 |
| Número de documento/Ítem | H8.3 |
| 100 1# - ASIENTO PRINCIPAL--NOMBRE PERSONAL | |
| Nombre de persona | Huenchuan, Sandra |
| 9 (RLIN) | 35939 |
| 245 10 - MENCIÓN DE TÍTULO | |
| Título | Envejecimiento, solidaridad y protección social en América Latina y el Caribe : |
| Resto del título | la hora de avanzar hacia la igualdad / |
| Mención de responsabilidad, etc. | Sandra Huenchuan. |
| 260 ## - PUBLICACIÓN, DISTRIBUCIÓN, ETC. | |
| Lugar de publicación, distribución, etc. | Santiago de Chile : |
| Nombre del editor, distribuidor, etc. | CEPAL, |
| Fecha de publicación, distribución, etc. | 2013. |
| 300 ## - DESCRIPCIÓN FÍSICA | |
| Extensión | 183 p. : |
| Otras características físicas | gráfs., cuadros |
| 440 #0 - MENCIÓN DE SERIE/ASIENTO SECUNDARIO--TÍTULO | |
| Título | Libros de la CEPAL ; |
| Designación de volumen o secuencia | 117 |
| 650 #4 - ASIENTO SECUNDARIO DE MATERIA - TERMINO TEMATICO | |
| Término de materia o nombre geográfico como elemento de entrada | ANCIANOS - |
| Subdivisión general | POLITICA GUBERNAMENTAL - |
| Subdivisión geográfica | AMERICA LATINA |
| 9 (RLIN) | 21630 |
| 650 #4 - ASIENTO SECUNDARIO DE MATERIA - TERMINO TEMATICO | |
| Término de materia o nombre geográfico como elemento de entrada | ANCIANOS - |
| Subdivisión general | POLITICA GUBERNAMENTAL - |
| Subdivisión geográfica | CARIBE (REGION) |
| 9 (RLIN) | 23330 |
| 650 #4 - ASIENTO SECUNDARIO DE MATERIA - TERMINO TEMATICO | |
| Término de materia o nombre geográfico como elemento de entrada | ANCIANOS - |
| Subdivisión geográfica | AMERICA LATINA - |
| Subdivisión general | CONDICIONES SOCIALES |
| 9 (RLIN) | 21629 |
| 650 #7 - ASIENTO SECUNDARIO DE MATERIA - TERMINO TEMATICO | |
| Término de materia o nombre geográfico como elemento de entrada | Ancianos |
| Subdivisión geográfica | Caribe (Región) |
| Subdivisión general | Condiciones sociales |
| Fuente del encabezamiento o término | |
| 9 (RLIN) | 23331 |
| 905 ## - TIPO DE MATERIAL | |
| Tipo de material | Libro |
| Estado de retiro | Estado de pérdida | Fuente del sistema de clasificación o colocación | Estado dañado | No para préstamo | Código de colección | Localización permanente | Ubicación/localización actual | Ubicación en estantería | Total de préstamos | Clasificación | Código de barras | Fecha visto por última vez | Número de copia | Tipo de ítem Koha |
|---|---|---|---|---|---|---|---|---|---|---|---|---|---|---|
| Library of Congress Classification | Colección General | Bib. Gregorio Torres Quintero | Bib. Gregorio Torres Quintero | Planta baja | 4 | HQ1064 A4.4 H8.3 | 295402 | 31/12/2020 | 1 | Libro |
